ETHNOBOTANY AND MEDICINAL PLANTS OF INDIAN SUBCONTINENT (Record no. 20652)
[ view plain ]
| 000 -LEADER | |
|---|---|
| fixed length control field | 00526cam a2200181ua 4500 |
| 008 - FIXED-LENGTH DATA ELEMENTS--GENERAL INFORMATION | |
| fixed length control field | 160112n II |||gr||||Z||||||eng |
| 040 ## - CATALOGING SOURCE | |
| Original cataloging agency | MAIN |
| 041 ## - LANGUAGE CODE | |
| -- | English |
| 082 ## - DEWEY DECIMAL CLASSIFICATION NUMBER | |
| Classification number | 580 MAH |
| 100 ## - MAIN ENTRY--PERSONAL NAME | |
| Personal name | MAHESHWARI, J.K. |
| 245 ## - TITLE STATEMENT | |
| Title | ETHNOBOTANY AND MEDICINAL PLANTS OF INDIAN SUBCONTINENT |
| 260 ## - PUBLICATION, DISTRIBUTION, ETC. | |
| Place of publication, distribution, etc. | JODHPUR: |
| Name of publisher, distributor, etc. | SCIENTIFIC PUBLISHERS, |
| Date of publication, distribution, etc. | 2003. |
| 300 ## - PHYSICAL DESCRIPTION | |
| Extent | 672: |
| Dimensions | 26CM. |
| 500 ## - GENERAL NOTE | |
| General note | MRP - MINOR RESEARCH PROJECT BOOK by Prof Bimal Dutta,Botany,SGC 23-01-2015 |
| 942 ## - ADDED ENTRY ELEMENTS (KOHA) | |
| Koha item type | Books |
| 653 ## - INDEX TERM--UNCONTROLLED | |
| Uncontrolled term | Plants (Botany) |
| Withdrawn status | Lost status | Damaged status | Not for loan | Collection code | Home library | Current library | Shelving location | Date acquired | Total Checkouts | Full call number | Barcode | Date last seen | Date last checked out | Copy number | Price effective from | Koha item type | Public note |
|---|---|---|---|---|---|---|---|---|---|---|---|---|---|---|---|---|---|
| REFBOT | Central Library and Information Centre Sibsagar Girls College | Central Library and Information Centre Sibsagar Girls College | BOTANY BOOK RACK | 23.01.2015 | 1 | 580 MAH | 31498 | 10.04.2025 | 14.05.2024 | 1 | 27.02.2020 | Books | V |